000 00657nam a2200205 a 4500
001 000016710
005 20240412074245.0
008 100310s19uu dr r 000 p spa d
040 _aDO-SdBNP
_bspa
_cBNPHU
082 _aRD861.44
_bM538f
100 1 _aMéndez Terrero, Jorge
_937068
245 1 0 _aFlorilegio de ensueños /
_cJorge Méndez Terrero.
260 _a[Santo Domingo] :
_b[s.n.],
_c[19--].
300 _a158 p. ;
_c22 cm.
500 _aIncluye datos biográficos del autor : p. 158
590 _aInventariado, 2018/BT
650 0 _aPoesía dominicana
_966
650 0 _aLiteratura dominicana.
_967
910 _aValidado. Control de calidad. MFF
999 _c16242
_d16242